<?xml version="1.0" encoding="UTF-8"?><?xml-stylesheet type="text/xsl" href="static/style.xsl"?><OAI-PMH xmlns="http://www.openarchives.org/OAI/2.0/" xmlns:xsi="http://www.w3.org/2001/XMLSchema-instance" xsi:schemaLocation="http://www.openarchives.org/OAI/2.0/ http://www.openarchives.org/OAI/2.0/OAI-PMH.xsd"><responseDate>2026-04-27T19:49:18Z</responseDate><request verb="GetRecord" identifier="oai:uvadoc.uva.es:10324/76647" metadataPrefix="marc">https://uvadoc.uva.es/oai/request</request><GetRecord><record><header><identifier>oai:uvadoc.uva.es:10324/76647</identifier><datestamp>2025-07-21T19:02:52Z</datestamp><setSpec>com_10324_35623</setSpec><setSpec>com_10324_5186</setSpec><setSpec>com_10324_29291</setSpec><setSpec>col_10324_76492</setSpec></header><metadata><record xmlns="http://www.loc.gov/MARC21/slim" xmlns:doc="http://www.lyncode.com/xoai" xmlns:xsi="http://www.w3.org/2001/XMLSchema-instance" xmlns:dcterms="http://purl.org/dc/terms/" xsi:schemaLocation="http://www.loc.gov/MARC21/slim http://www.loc.gov/standards/marcxml/schema/MARC21slim.xsd">
<leader>00925njm 22002777a 4500</leader>
<datafield tag="042" ind1=" " ind2=" ">
<subfield code="a">dc</subfield>
</datafield>
<datafield tag="720" ind1=" " ind2=" ">
<subfield code="a">Pizarro Granada, Maite Mariana</subfield>
<subfield code="e">author</subfield>
</datafield>
<datafield tag="260" ind1=" " ind2=" ">
<subfield code="c">2025</subfield>
</datafield>
<datafield tag="520" ind1=" " ind2=" ">
<subfield code="a">Este artículo plantea una entrada de lectura según la cual Historia Abreviada de la literatura portátil crítica a la noción de fama histórica desestabilizando su credibilidad a través de la exageración paródica. A su vez, dicha desestabilización puede expresarse estructural y argumentalmente, es decir, ligada a aspectos narrativos formales, por un lado; y a la trama, por otro. En el caso estructural, el análisis se concentra en las marcas referenciales y en la apariencia de verdad académica descubierta o respaldada. Concretamente, en (a) La incorporación de un prólogo que es parte de la trama (b) la cita constante a investigaciones y obras de terceros, (c) el uso de notas explicativas al margen, y (d) el anexo de “Bibliografía esencial”.  En el caso argumental, por su parte, la desestabilización apunta a la figura del shandy como metáfora duchampiana del carácter ficticio y líquido que arrastra la representación histórica. En ambos casos lo que se refuerza es la esencia ilusoria de la construcción del pasado. 
 </subfield>
</datafield>
<datafield tag="520" ind1=" " ind2=" ">
<subfield code="a">This article proposes a reading approach based on the idea that Historia abreviada de la literatura portátil criticizes the notion of historical fame by destabilizing its credibility through parodic exaggeration. This destabilization can be expressed both structurally and argumentatively, that is, linked to formal narrative aspects on the one hand, and to the plot on the other. In the structural case, the analysis focuses on the referential marks and the appearance of academic truth discovered or supported. Specifically, on (a) the incorporation of a prologue that is part of the plot, (b) the constant citation of research and works by third parties, (c) the use of explanatory notes in the margin, and (d) the appendix of "Essential Bibliography". In the argumentative case, on the other hand, the destabilization points to the figure of the shandy as a Duchampian metaphor for the fictional and liquid character that historical representation carries. In both cases, what is reinforced is the illusory essence of the construction of the past.</subfield>
</datafield>
<datafield tag="024" ind2=" " ind1="8">
<subfield code="a">Ogigia. Revista Electrónica de Estudios Hispánicos; Núm. 37 (2025) pags. 69-90</subfield>
</datafield>
<datafield tag="024" ind2=" " ind1="8">
<subfield code="a">1887-3731</subfield>
</datafield>
<datafield tag="024" ind2=" " ind1="8">
<subfield code="a">https://uvadoc.uva.es/handle/10324/76647</subfield>
</datafield>
<datafield tag="024" ind2=" " ind1="8">
<subfield code="a">10.24197/ogigia.37.2025.69-90</subfield>
</datafield>
<datafield tag="024" ind2=" " ind1="8">
<subfield code="a">69</subfield>
</datafield>
<datafield tag="024" ind2=" " ind1="8">
<subfield code="a">430</subfield>
</datafield>
<datafield tag="024" ind2=" " ind1="8">
<subfield code="a">90</subfield>
</datafield>
<datafield ind1=" " ind2=" " tag="653">
<subfield code="a">Ilusión; estética referencial; shandy; Duchamp.</subfield>
</datafield>
<datafield tag="245" ind1="0" ind2="0">
<subfield code="a">La fama en Historia Abreviada de la literatura portátil: una ficción fuera de los marcos de referencia literarios</subfield>
</datafield>
</record></metadata></record></GetRecord></OAI-PMH>